Statistics for Name Puzzle: US Cities-Emoji Version

Click here to take the quiz!

General Stats

  • This quiz has been taken 7 times
  • The average score is 2 of 8

Answer Stats

WordsAnswer% Correct
🏠+💯Houston
60%
⌛+🧒 👴+ 0️⃣San Diego
60%
👨‍💼 + 💯Boston
40%
👧+🥅 +0️⃣Chicago
20%
👟+🌏Cleveland
0%
🔹+💈 +🇮🇱Mineapolis
0%
💰+🥔 type of brand that uses thisSalt Lake City
0%
😇+📢+⬆️St. Louis
0%

Score Distribution

Percentile by Number Answered

Percent of People with Each Score

Your Score History

You have not taken this quiz